MDQL
is popping MORE tags! Check the
thread
!
Quizzes
Events
Quiz Creation
Community
Videos
Private Events
Remove Ads
Sign In
Join for FREE
Feedback
Dark Mode
Quiz Categories
Sports
Geography
Music
Movies
Television
Just For Fun
Miscellaneous
History
Literature
Language
Science
Gaming
Entertainment
Religion
Holiday
For Kids
Quiz Lab
Recent
Popular Today
Quiz Kudos Today
Editor Picks
Curator Picks
Quizzes by...
Day
Popularity
Type
Ratings
Length
Year
Community
Subscriptions
Recent Discussions
Orange Saloon
Badges
Playlists
Quests
Create
Leaderboards
Showdown
Live 5
Trivia Bingo
Activity
Puzzle Library
Sporcle Events
Private Events
Virtual Trivia
Globe League
Become a Host
Pub Owners
SporcleCon
Opinionation
Our Games
Videos
Blog
Mobile Apps
Partnerships
Remove Ads and Go Orange
Feedback
Movies
Disney
Marvel Cinematic Universe
Movie Resume
Movie Titles
Oscar
Actor
Actress
Director
Pixar
Role
Movie Quotes
Movie Characters
Box Office
Nominee
Best Picture
Star Wars
James Bond
Horror Movies
Movies
Disney
Marvel Cinematic Universe
Movie Resume
Movie Titles
Oscar
Actor
Actress
Director
Pixar
Role
Movie Quotes
Movie Characters
Box Office
Nominee
Best Picture
Star Wars
James Bond
Horror Movies
Random Quiz
Search Sporcle
×
Quiz Lab
Quiz Lab
Movies
Clip
Type in answers that appear in a list
Type in answers that appear in a list
Classic
Best Score? Go Orange.
Old Movies By Clips (audio) Stats
Can you name the Old Movies By Clips (audio) ?
By
givealittle47
7m
25 Questions
65 Plays
65 Plays
65 Plays
Comments
Comments
Give Quiz Kudos
Give Quiz Kudos
-
- Ratings
hide this ad
More Info
Forced Order
Answers have to be entered in order
Answers have to be entered in order
Replay
Link that replays current quiz
Next Quiz
Link to next quiz in quiz playlist
You Got
0%
They Got
Avg Score
37%
Avg Friend Score
Upgrade to see
Score Distribution
Jump to the score distribution portion of the page
Score
0/25
Timer
07:00
0
Plays Today
Time
Movie
% Correct
0:30-
0:40
Gone With the Wind
90.8%
0:00-
0:10
Singin' in the Rain
83.1%
2:00-
2:10
The Wizard of Oz
78.5%
2:40-
2:50
Sound of Music
72.3%
3:10-
3:20
Snow White and the Seven Dwarfs
69.2%
2:50-
3:00
Funny Girl
46.2%
1:30-
1:40
Ben-Hur
44.6%
0:40-
0:50
Bambi
43.1%
3:30-
3:40
Some Like it Hot
41.5%
1:20-
1:30
Cinderella
40%
3:20-
3:30
Meet Me in St. Louis
40%
1:10-
1:20
20,000 Leagues Under the Sea
36.9%
3:50-
4:00
Peter Pan
36.9%
Time
Movie
% Correct
0:20-
0:30
Rear Window
35.4%
4:00-
4:10
My Fair Lady
35.4%
0:50-
1:00
Ten Commandments
24.6%
2:20-
2:30
Lawrence of Arabia
24.6%
3:00-
3:10
The Quiet Man
23.1%
3:40-
3:50
Roman Holiday
21.5%
2:30-
2:40
Cleopatra
18.5%
0:10-
0:20
12 Angry Men
15.4%
1:00-
1:10
South Pacific
6.2%
1:50-
2:00
Sergeant York
4.6%
1:40-
1:50
Samson and Delilah
1.5%
2:10-
2:20
Let's Make Love
1.5%
Quiz Playlist
Details
Report
Send in Message
Add To Playlist
More Info:
Movies from the 30s to the 60s
Classic:
Type in answers that appear in a list
Forced Order:
Answers have to be entered in order
Last Updated: Feb 16, 2017
Quiz Scoreboard
CHALLENGE
Sign Up to Join the Scoreboard
Show All
Scores
Hide
Comments
May contain spoilers
Recently Published
Image Sorting: Flags VI
by Barbecue
Geography
2m
Find the 'City' Movie
by crazypaving
Movies
60s
5x2 Blitz: Bands
by SL_Kpop136
Music
30s
More to Explore
Quiz From the Vault
Featured Blog Post
14 Easter Pick-up Lines to Find Eggs With
hide this ad
You Might Also Like...
Tags
Clip Quiz
1930
1940
1950
Audio Quiz
old
Today's Top Quizzes in Movies
Browse Movies
hide this ad
Today's Top Quizzes in Clip
Browse Clip
Top Contributed Quizzes in Movies
1
Find The 'Big' Movie
2
Find The 'Wild' Movie
3
Find The 'Blue' Movie
4
Movies By Plot
5
Hidden Star Wars Character II
6
Pick 5 Posters: Directed by Spielberg
7
The ultimate James Bond movie quiz
8
Hidden Star Wars Character III
9
Hidden Star Wars Character IV
10
25 Best Actor Nominees (1990s)
Explore More
Trending Topics
Marvel
Anime
Harry Potter
Disney
NBA
Kpop
Crossword
Soccer
Song
Country
NFL
WWE
Puzzle
The Office
Pokémon
hide this ad
More By:
givealittle47
Quiz
Plays
Rating
Category
Featured
Created
Britney Spears Songs (w/audio)
173
5.00
Music
Jun 10, 2011
Guess the DCOM (w/audio)
72
3.67
Television
Jun 11, 2011
Old Movies By Clips (audio)
65
4.00
Movies
Jun 10, 2011
Popular Recent Movies (w/audio)
52
4.33
Movies
Jun 10, 2011
Go to Creator's Profile
Score Distribution
Quiz Creator Spotlight
givealittle47
Follow
Send a Message
Quizzes Created
-
Created Quiz Play Count
-
More By This Creator
Popular Quizzes Today
1
Colored Red Africa Blitz
2
Find the US States - No Outlines Minefield
3
Find the 'City' Movie
4
5x2 Blitz: Bands
5
The Countries of the World
6
Find the US States
7
Find the Countries of Europe - No Outlines Minefield
8
US States
More Movies Quizzes
Which Comedy Movie...?
Quiz Lab
Trending Quizzes
Colored Red Europe Blitz I
Colored Red Europe Blitz II
Colored Red Africa Blitz II
Colored Red Europe Blitz III
Colored Red Africa Blitz III
Recently Updated
How Do You Spell That?
pecheneg
Godzilla Movies
pecheneg
Grab Bag: 4-10 Letters
pecheneg
2024 March Madness Bracket
pecheneg
Famous TV Couples
Peacemaker
Champions League XIs: Real Madrid
pecheneg
Largest US Cities 1790-2010
pecheneg
Rides in Walt Disney World
pecheneg
Most Oscar Losses (Acting)
pecheneg
Beyoncé Albums
pecheneg
Trending Topics
Harry Potter
NBA
Marvel
Anime
Kpop
Crossword
Disney
Pokémon
WWE
Song
The Office
NFL
Country
Puzzle
Soccer
Your Account Isn't Verified!
In order to create a playlist on Sporcle, you need to verify the email address you used during registration. Go to your
Sporcle Settings
to finish the process.
Report this User
Report this user for behavior that violates our
Community Guidelines
.
Details:
Send Report
Go to the Sporcle.com Mobile Site →
Comments